[Event "CZE-chT2B 1718"]
[Site "Czech Republic"]
[Date "2017.10.15"]
[Round "1.3"]
[White "Pribyl, Jakub"]
[Black "Jandecka, Tomas"]
[Result "1-0"]
[WhiteElo "2143"]
[BlackElo "2196"]
[PlyCount "79"]
[EventDate "2017.10.15"]
[EventType "team-tourn"]
[EventRounds "11"]
[EventCountry "CZE"]
[SourceTitle "EXT 2022"]
[Source "ChessBase"]
[SourceDate "2021.10.06"]
[SourceVersion "1"]
[SourceVersionDate "2021.10.06"]
[SourceQuality "1"]
[WhiteTeam "Usti nad Labem"]
[BlackTeam "Zizkov"]
[WhiteTeamCountry "CZE"]
[BlackTeamCountry "CZE"]

1. e4 d5 2. exd5 Nf6 3. d4 Nxd5 4. c4 Nb4 5. a3 N4c6 6. Be3 e5 7. d5 Ne7 8. Nc3 Nf5 9. Qd2 Nd7 10. Nf3 Nxe3 11. fxe3 f5 12. Be2 Nc5 13. Rd1 e4 14. Nd4 Bd6 15. b4 Qh4+ 16. Kf1 f4 17. Qe1 Qxe1+ 18. Kxe1 Nd3+ 19. Bxd3 exd3 20. Rxd3 0-0 21. e4 a5 22. c5 Be7 23. Nc2 axb4 24. axb4 Bf6 25. Kd2 Bd7 26. Re1 Rfe8 27. Nd4 g5 28. h3 h5 29. Nc2 g4 30. hxg4 hxg4 31. Kc1 Kg7 32. Kb2 Bb5 33. Rd2 Bc4 34. Nd4 Ra2+ 35. Nxa2 f3 36. gxf3 gxf3 37. Kc3 Bb5 38. Rf2 Bh4 39. Rg1+ Kh6 40. Rh2 1-0

[Event "CZE-chT2A 1011"]
[Site "Czech Republic"]
[Date "2010.12.05"]
[Round "4"]
[White "Zapletal, Jindrich"]
[Black "Jandecka, Tomas"]
[Result "1-0"]
[WhiteElo "2246"]
[BlackElo "2195"]
[PlyCount "45"]
[EventDate "2010.10.17"]
[EventType "team-tourn"]
[EventRounds "11"]
[EventCountry "CZE"]
[SourceTitle "EXT 2012"]
[Source "ChessBase"]
[SourceDate "2011.11.24"]
[SourceVersion "1"]
[SourceVersionDate "2011.11.24"]
[SourceQuality "1"]
[WhiteTeam "Tabor"]
[BlackTeam "Zizkov"]
[WhiteTeamCountry "CZE"]
[BlackTeamCountry "CZE"]

1. d4 Nf6 2. Nf3 c5 3. e3 e6 4. Bd3 Nc6 5. c3 d5 6. Nbd2 Be7 7. 0-0 0-0 8. dxc5 Bxc5 9. b4 Bd6 10. Bb2 e5 11. e4 dxe4 12. Nxe4 Nxe4 13. Bxe4 f5 14. Bd5+ Kh8 15. b5 Ne7 16. Ng5 Nxd5 17. Qxd5 Qe7 18. Rfe1 Bc7 19. Ba3 Qxg5 20. Bxf8 Qh6 21. Qf7 Bb6 22. Qe8 Qe6 23. Rxe5 1-0

[Event "Tatry op"]
[Site "Tatranske Zruby"]
[Date "2010.10.09"]
[Round "9"]
[White "Jandecka, Tomas"]
[Black "Eremias, Igor"]
[Result "1-0"]
[WhiteElo "2195"]
[BlackElo "1735"]
[PlyCount "57"]
[EventDate "2010.10.02"]
[EventType "swiss"]
[EventRounds "9"]
[EventCountry "SVK"]
[SourceTitle "CBM 138 Extra"]
[Source "ChessBase"]
[SourceDate "2010.10.29"]
[SourceVersion "1"]
[SourceVersionDate "2010.10.29"]
[SourceQuality "1"]

1. e4 e6 2. d4 d5 3. exd5 exd5 4. Nf3 Nf6 5. Bd3 Be6 6. 0-0 g6 7. Ne5 Bg7 8. Nc3 c6 9. f4 0-0 10. f5 Bc8 11. Bg5 Nbd7 12. Qf3 Qb6 13. Nxd7 Bxd7 14. Ne2 Rae8 15. Qf4 c5 16. dxc5 Qxc5+ 17. Kh1 Nh5 18. Qh4 Be5 19. Bh6 Bf6 20. Bxf8 Qxf8 21. Qf2 Be5 22. Rae1 Nf6 23. Qh4 Qd6 24. Nd4 a6 25. fxg6 hxg6 26. Rxe5 Qxe5 27. Qxf6 Qxf6 28. Rxf6 Kg7 29. Rf1 1-0

[Event "Tatry op"]
[Site "Tatranske Zruby"]
[Date "2010.10.07"]
[Round "7"]
[White "Tropp, Oliver"]
[Black "Jandecka, Tomas"]
[Result "1-0"]
[WhiteElo "1973"]
[BlackElo "2195"]
[PlyCount "105"]
[EventDate "2010.10.02"]
[EventType "swiss"]
[EventRounds "9"]
[EventCountry "SVK"]
[SourceTitle "CBM 138 Extra"]
[Source "ChessBase"]
[SourceDate "2010.10.29"]
[SourceVersion "1"]
[SourceVersionDate "2010.10.29"]
[SourceQuality "1"]

1. c4 c5 2. Nc3 Nc6 3. g3 g6 4. Bg2 Bg7 5. Nf3 e6 6. d3 Nge7 7. 0-0 d5 8. cxd5 exd5 9. Bf4 0-0 10. Rc1 b6 11. a3 Bb7 12. Qd2 Na5 13. Qc2 d4 14. Nb1 Nd5 15. Bd2 Nc6 16. e4 dxe3 17. fxe3 Qe7 18. Rfe1 Rad8 19. Rcd1 Rfe8 20. Nc3 Nc7 21. Ne4 Ba6 22. Nf2 Nd5 23. Qa4 Bb7 24. e4 Nc7 25. Bc3 b5 26. Qc2 Ne6 27. Bxg7 Kxg7 28. Rc1 Ncd4 29. Nxd4 Rxd4 30. Re3 Qg5 31. Qe2 Rc8 32. h4 Qd8 33. b3 a5 34. e5 Bxg2 35. Kxg2 Rxh4 36. Qf3 Rd4 37. Ne4 Qd5 38. Qf6+ Kg8 39. Rf3 Nf8 40. Nd6 Nd7 41. Nxc8 Qxb3 42. Qd8+ Nf8 43. Qf6 Nd7 44. Qg5 Nxe5 45. Qxe5 Qb2+ 46. Rf2 Qxc1 47. Qe8+ Kg7 48. Qxf7+ Kh6 49. Ne7 Qe3 50. Nf5+ gxf5 51. Qf6+ Kh5 52. Rxf5+ Kg4 53. Rg5+ 1-0

[Event "Tatry op"]
[Site "Tatranske Zruby"]
[Date "2010.10.06"]
[Round "6"]
[White "Jandecka, Tomas"]
[Black "Bucek, Eduard"]
[Result "1-0"]
[WhiteElo "2195"]
[BlackElo "2041"]
[PlyCount "157"]
[EventDate "2010.10.02"]
[EventType "swiss"]
[EventRounds "9"]
[EventCountry "SVK"]
[SourceTitle "CBM 138 Extra"]
[Source "ChessBase"]
[SourceDate "2010.10.29"]
[SourceVersion "1"]
[SourceVersionDate "2010.10.29"]
[SourceQuality "1"]

1. e4 Nf6 2. e5 Nd5 3. d4 d6 4. Nf3 Bg4 5. Be2 e6 6. 0-0 Be7 7. c4 Nb6 8. Nc3 0-0 9. Be3 N8d7 10. Qb3 Qc8 11. a4 a5 12. exd6 cxd6 13. d5 Bd8 14. Ne4 Nc5 15. Nxc5 dxc5 16. d6 e5 17. Qc2 Bf5 18. Bd3 Bxd3 19. Qxd3 Qe6 20. Nd2 Rc8 21. Ne4 Nd7 22. Rfd1 Rc6 23. Rac1 h6 24. b3 b6 25. Nc3 Bf6 26. Nd5 e4 27. Qd2 Ne5 28. Nf4 Qg4 29. Qd5 Rd8 30. Qxe4 Rcxd6 31. Rxd6 Rxd6 32. f3 Qd7 33. Nd5 Ng6 34. Rd1 Bd8 35. Rd2 Kf8 36. Bf2 Bg5 37. Nxb6 Qd8 38. Rxd6 Qxd6 39. Qa8+ Bd8 40. Nd5 Ne5 41. Qc8 Nc6 42. Qf5 Nd4 43. Qh7 f6 44. Qd3 Qe5 45. f4 Qb8 46. Bxd4 cxd4 47. Qxd4 Qxb3 48. c5 f5 49. h3 Bh4 50. c6 Bg3 51. Nc3 Qc2 52. Qe3 Bf2+ 53. Qxf2 Qxc3 54. Kh2 Qxc6 55. Qd4 Kf7 56. Qa7+ Kg6 57. Qxa5 Qe4 58. Qe5 Qxa4 59. Qe6+ Kh7 60. Qxf5+ Kg8 61. h4 Qd4 62. Qe5 Qf2 63. Kh3 Qf1 64. Qe8+ Kh7 65. Qe4+ Kg8 66. Kg4 Kf7 67. Kh5 Qb5+ 68. Qe5 Qc6 69. Qf5+ Qf6 70. Qxf6+ Kxf6 71. g4 Kf7 72. g5 hxg5 73. hxg5 Kg8 74. Kg6 Kh8 75. Kf7 Kh7 76. f5 Kh8 77. f6 Kh7 78. g6+ Kh8 79. fxg7# 1-0

[Event "CZE-chT2A 0910"]
[Site "Czech Republic"]
[Date "2010.01.31"]
[Round "6.5"]
[White "Jandecka, Tomas"]
[Black "Riedl, Maximilian"]
[Result "1-0"]
[WhiteElo "2174"]
[BlackElo "2047"]
[PlyCount "131"]
[EventDate "2009.10.18"]
[EventType "team-tourn"]
[EventRounds "11"]
[EventCountry "CZE"]
[SourceTitle "EXT 2012"]
[Source "ChessBase"]
[SourceDate "2011.11.24"]
[SourceVersion "1"]
[SourceVersionDate "2011.11.24"]
[SourceQuality "1"]
[WhiteTeam "Zizkov"]
[BlackTeam "Domazlice"]
[WhiteTeamCountry "CZE"]
[BlackTeamCountry "CZE"]

1. e4 c5 2. Nc3 e6 3. g3 d5 4. exd5 exd5 5. Bg2 Nf6 6. d3 Be7 7. Nge2 0-0 8. Nf4 d4 9. Ne4 Nc6 10. 0-0 Bf5 11. Re1 Rc8 12. Bd2 Qd7 13. h3 Qd8 14. a3 Re8 15. g4 Bd7 16. g5 Nxe4 17. Bxe4 g6 18. h4 Be6 19. Nxe6 fxe6 20. Qg4 Bd6 21. h5 Ne5 22. Qh3 gxh5 23. Qxh5 Rc7 24. f4 Ng6 25. Bxg6 hxg6 26. Qxg6+ Rg7 27. Qh5 Ree7 28. Re2 Qc7 29. Qg4 Qc8 30. Rae1 Rg6 31. Qh5 Rgg7 32. Qh3 Rh7 33. Qg4 Qc6 34. Rh2 Rxh2 35. Kxh2 c4 36. Qg2 Qe8 37. dxc4 Qg6 38. Bc1 d3 39. b4 dxc2 40. c5 Bc7 41. Qg4 b6 42. Re3 bxc5 43. bxc5 Ba5 44. Kg2 Kf7 45. f5 exf5 46. Qc4+ Re6 47. Rxe6 Qxe6 48. g6+ Ke7 49. Bg5+ Kd7 50. c6+ Kd6 51. Bf4+ Ke7 52. Bg5+ Kd6 53. Qd3+ Kxc6 54. Qxc2+ Kb7 55. Qb2+ Bb6 56. g7 Qc6+ 57. Kg3 Qc4 58. Qg2+ Ka6 59. Qf3 Bc7+ 60. Kh3 Qf7 61. Qc6+ Bb6 62. Qc8+ Ka5 63. Bd2+ Ka4 64. Qc2+ Kb5 65. a4+ Ka6 66. Qc8+ 1-0

[Event "CZE-chT2A 0910"]
[Site "Czech Republic"]
[Date "2010.01.17"]
[Round "5.4"]
[White "Jandecka, Tomas"]
[Black "Grill, Roman"]
[Result "1/2-1/2"]
[WhiteElo "2174"]
[BlackElo "2147"]
[PlyCount "45"]
[EventDate "2009.10.18"]
[EventType "team-tourn"]
[EventRounds "11"]
[EventCountry "CZE"]
[SourceTitle "EXT 2012"]
[Source "ChessBase"]
[SourceDate "2011.11.24"]
[SourceVersion "1"]
[SourceVersionDate "2011.11.24"]
[SourceQuality "1"]
[WhiteTeam "Zizkov"]
[BlackTeam "Pisek Platan"]
[WhiteTeamCountry "CZE"]
[BlackTeamCountry "CZE"]

1. e4 e5 2. Nf3 Nc6 3. Bc4 Nf6 4. d4 exd4 5. 0-0 Nxe4 6. Re1 d5 7. Bxd5 Qxd5 8. Nc3 Qh5 9. Nxe4 Be6 10. Bg5 Bb4 11. Nxd4 Qxd1 12. Rexd1 Nxd4 13. Rxd4 Be7 14. Rad1 f6 15. Bf4 Kf7 16. Nc3 c6 17. Ne4 Rhd8 18. Rxd8 Rxd8 19. Rxd8 Bxd8 20. Nd6+ Ke7 21. Nxb7 Bxa2 22. Nc5 Bb1 23. c3 1/2-1/2

[Event "CZE-chT2A 0910"]
[Site "Czech Republic"]
[Date "2009.11.22"]
[Round "3.3"]
[White "Houska, Jiri"]
[Black "Jandecka, Tomas"]
[Result "1/2-1/2"]
[WhiteElo "2193"]
[BlackElo "2174"]
[PlyCount "34"]
[EventDate "2009.10.18"]
[EventType "team-tourn"]
[EventRounds "11"]
[EventCountry "CZE"]
[SourceTitle "EXT 2012"]
[Source "ChessBase"]
[SourceDate "2011.11.24"]
[SourceVersion "1"]
[SourceVersionDate "2011.11.24"]
[SourceQuality "1"]
[WhiteTeam "Plzen Letna"]
[BlackTeam "Zizkov"]
[WhiteTeamCountry "CZE"]
[BlackTeamCountry "CZE"]

1. e4 c5 2. Nf3 Nf6 3. e5 Nd5 4. Nc3 e6 5. d4 Nc6 6. Nxd5 exd5 7. dxc5 Bxc5 8. Bd3 d6 9. exd6 0-0 10. 0-0 Qxd6 11. Re1 h6 12. c3 Bg4 13. h3 Bh5 14. Be3 d4 15. cxd4 Nxd4 16. Bxd4 Bxd4 17. Bc4 Bxf3 1/2-1/2

[Event "Tatry op"]
[Site "Tatranske Zruby"]
[Date "2009.10.03"]
[Round "8"]
[White "Jandecka, Tomas"]
[Black "Pribyl, Josef"]
[Result "1/2-1/2"]
[WhiteElo "2174"]
[BlackElo "2370"]
[PlyCount "28"]
[EventDate "2009.09.27"]
[EventType "swiss"]
[EventRounds "9"]
[EventCountry "SVK"]
[SourceTitle "EXT 2011"]
[Source "ChessBase"]
[SourceDate "2010.11.26"]
[SourceVersion "1"]
[SourceVersionDate "2010.11.26"]
[SourceQuality "1"]

1. e4 d6 2. d4 Nf6 3. Nc3 e5 4. Nf3 Nbd7 5. Bc4 Be7 6. 0-0 0-0 7. a4 c6 8. Ba2 b6 9. b4 Bb7 10. Re1 a5 11. b5 cxb5 12. axb5 Rc8 13. Bb2 Qc7 14. Rc1 h6 1/2-1/2

[Event "Tatry op"]
[Site "Tatranske Zruby"]
[Date "2009.09.30"]
[Round "5"]
[White "Dolezal, Radoslav1111"]
[Black "Jandecka, Tomas"]
[Result "0-1"]
[WhiteElo "1986"]
[BlackElo "2174"]
[PlyCount "120"]
[EventDate "2009.09.27"]
[EventType "swiss"]
[EventRounds "9"]
[EventCountry "SVK"]
[SourceTitle "EXT 2011"]
[Source "ChessBase"]
[SourceDate "2010.11.26"]
[SourceVersion "1"]
[SourceVersionDate "2010.11.26"]
[SourceQuality "1"]

1. e4 d5 2. exd5 Nf6 3. d4 Nxd5 4. Nf3 Bg4 5. Be2 e6 6. Bg5 Be7 7. Bxe7 Qxe7 8. c3 Nf4 9. 0-0 Nxe2+ 10. Qxe2 0-0 11. Qe4 Bxf3 12. Qxf3 Nc6 13. Nd2 Rad8 14. Rad1 Rd5 15. Rfe1 Rfd8 16. Nc4 Qh4 17. Ne5 Nxe5 18. dxe5 h6 19. b3 Qg5 20. Rxd5 Rxd5 21. g3 c6 22. Qe3 Qxe3 23. Rxe3 b5 24. Re2 g5 25. Kg2 Rd3 26. Rc2 g4 27. h3 h5 28. hxg4 hxg4 29. c4 b4 30. Kf1 Rd4 31. Ke1 Kg7 32. Re2 Kg6 33. Re3 Kf5 34. f4 gxf3 35. Rxf3+ Kg6 36. Re3 c5 37. Ke2 a6 38. Ke1 Kg5 39. Ke2 Kg4 40. Ke1 Rd8 41. Ke2 a5 42. Re4+ Kxg3 43. Re3+ Kg4 44. Re4+ Kf5 45. Re3 Rd4 46. Kf3 Rf4+ 47. Kg3 Rg4+ 48. Kf3 Rg7 49. Re1 Rg8 50. Re3 Rg1 51. Re2 Rd1 52. Kg2 Rd3 53. Kf1 Kf4 54. Kf2 Rf3+ 55. Kg2 Re3 56. Rf2+ Kxe5 57. Rxf7 Re2+ 58. Kf3 Rxa2 59. Rc7 Ra3 60. Rxc5+ Kd4 0-1

[Event "Tatry op"]
[Site "Tatranske Zruby"]
[Date "2009.09.29"]
[Round "3"]
[White "Bahna, Jan"]
[Black "Jandecka, Tomas"]
[Result "0-1"]
[WhiteElo "1960"]
[BlackElo "2174"]
[PlyCount "80"]
[EventDate "2009.09.27"]
[EventType "swiss"]
[EventRounds "9"]
[EventCountry "SVK"]
[SourceTitle "EXT 2011"]
[Source "ChessBase"]
[SourceDate "2010.11.26"]
[SourceVersion "1"]
[SourceVersionDate "2010.11.26"]
[SourceQuality "1"]

1. e4 d5 2. exd5 Nf6 3. d4 Nxd5 4. Nf3 Bg4 5. Be2 e6 6. 0-0 Nc6 7. h3 Bh5 8. Re1 Be7 9. c3 0-0 10. Ne5 Bxe2 11. Rxe2 Nxe5 12. Rxe5 c5 13. dxc5 Bxc5 14. Qf3 Qc7 15. Re1 Rad8 16. Nd2 Nf4 17. Ne4 Nd3 18. Rd1 Ne5 19. Qe2 Rxd1+ 20. Qxd1 Bb6 21. Qe2 Ng6 22. Be3 Rd8 23. Bxb6 Qxb6 24. b3 Qc6 25. c4 h6 26. Rc1 Rd4 27. f3 f5 28. Nf2 Qd6 29. Rd1 Nf4 30. Qe1 e5 31. Rxd4 exd4 32. g3 Nh5 33. Qe8+ Kh7 34. Qxh5 Qxg3+ 35. Kf1 g6 36. Ne4 fxe4 37. Qg4 Qxg4 38. hxg4 exf3 39. Kf2 h5 40. Kxf3 h4 0-1

[Event "Tatry op"]
[Site "Tatranske Zruby"]
[Date "2009.09.29"]
[Round "4"]
[White "Jandecka, Tomas"]
[Black "Dobrotka, Martin"]
[Result "1/2-1/2"]
[WhiteElo "2174"]
[BlackElo "2243"]
[PlyCount "80"]
[EventDate "2009.09.27"]
[EventType "swiss"]
[EventRounds "9"]
[EventCountry "SVK"]
[SourceTitle "EXT 2011"]
[Source "ChessBase"]
[SourceDate "2010.11.26"]
[SourceVersion "1"]
[SourceVersionDate "2010.11.26"]
[SourceQuality "1"]

1. e4 c5 2. Nc3 a6 3. Nf3 d6 4. d4 cxd4 5. Nxd4 e5 6. Nf5 Be6 7. Nd5 g6 8. Nfe3 Nd7 9. g3 Ngf6 10. Bg2 Nb6 11. Nxf6+ Qxf6 12. h4 Qd8 13. Bd2 Qd7 14. h5 Be7 15. Qe2 Rc8 16. f4 exf4 17. gxf4 Bf6 18. c3 Nc4 19. f5 Nxe3 20. Qxe3 Bc4 21. b3 Bb5 22. a4 Bc6 23. fxg6 hxg6 24. Bh3 Qd8 25. Bxc8 Qxc8 26. 0-0-0 gxh5 27. Kb2 Qe6 28. Rde1 Be5 29. Qg5 Qg6 30. Qe3 h4 31. Qh3 Bd7 32. Qe3 Qe6 33. Ref1 h3 34. Qg5 Qg6 35. Bf4 Qxg5 36. Bxg5 Bc6 37. Bf6 Bxf6 38. Rxf6 Bxe4 39. Rh2 Bg2 40. Rxd6 Rh5 1/2-1/2

[Event "Tatry op"]
[Site "Tatranske Zruby"]
[Date "2009.09.27"]
[Round "1"]
[White "Skliba, Martin"]
[Black "Jandecka, Tomas"]
[Result "1/2-1/2"]
[WhiteElo "2285"]
[BlackElo "2174"]
[PlyCount "48"]
[EventDate "2009.09.27"]
[EventType "swiss"]
[EventRounds "9"]
[EventCountry "SVK"]
[SourceTitle "EXT 2011"]
[Source "ChessBase"]
[SourceDate "2010.11.26"]
[SourceVersion "1"]
[SourceVersionDate "2010.11.26"]
[SourceQuality "1"]

1. d4 Nf6 2. c4 e5 3. dxe5 Ne4 4. a3 Qh4 5. g3 Qh5 6. Bg2 Qxe5 7. Qc2 Nc5 8. Bf4 Qf6 9. Nc3 Ne6 10. Nd5 Qd8 11. Nf3 Nxf4 12. gxf4 c6 13. Qe4+ Be7 14. Nxe7 Qxe7 15. Qxe7+ Kxe7 16. 0-0-0 d6 17. Rd4 Na6 18. Rhd1 Nc5 19. Rxd6 Bf5 20. b4 Ne4 21. R6d4 Nxf2 22. Rf1 Ng4 23. e4 Bd7 24. Rfd1 Rad8 1/2-1/2

[Event "CZE-chT2A 0809"]
[Site "Czech Republic"]
[Date "2009.02.08"]
[Round "8.3"]
[White "Sott, Pavel"]
[Black "Jandecka, Tomas"]
[Result "1/2-1/2"]
[WhiteElo "2164"]
[BlackElo "2214"]
[PlyCount "31"]
[EventDate "2008.10.12"]
[EventType "team-tourn"]
[EventRounds "11"]
[EventCountry "CZE"]
[SourceTitle "EXT 2010"]
[Source "ChessBase"]
[SourceDate "2010.11.25"]
[SourceVersion "1"]
[SourceVersionDate "2010.11.25"]
[SourceQuality "1"]
[WhiteTeam "Klatovy Sokol "]
[BlackTeam "Zizkov"]
[WhiteTeamCountry "CZE"]
[BlackTeamCountry "CZE"]

1. e4 d5 2. exd5 Nf6 3. d4 Nxd5 4. Nf3 Bg4 5. Be2 e6 6. 0-0 Nc6 7. h3 Bh5 8. c4 Nb6 9. Be3 Be7 10. Nc3 Bxf3 11. Bxf3 Nxc4 12. Bxc6+ bxc6 13. Qa4 Nb6 14. Qxc6+ Qd7 15. Qxd7+ Kxd7 16. Rfd1 1/2-1/2

[Event "CZE-chT2A 0809"]
[Site "Czech Republic"]
[Date "2008.12.07"]
[Round "4.3"]
[White "Hlavacek, Jiri"]
[Black "Jandecka, Tomas"]
[Result "1-0"]
[WhiteElo "2185"]
[BlackElo "2214"]
[PlyCount "67"]
[EventDate "2008.10.12"]
[EventType "team-tourn"]
[EventRounds "11"]
[EventCountry "CZE"]
[SourceTitle "EXT 2010"]
[Source "ChessBase"]
[SourceDate "2010.11.25"]
[SourceVersion "1"]
[SourceVersionDate "2010.11.25"]
[SourceQuality "1"]
[WhiteTeam "Pribram Pyrit"]
[BlackTeam "Zizkov"]
[WhiteTeamCountry "CZE"]
[BlackTeamCountry "CZE"]

1. d4 Nf6 2. Bg5 b5 3. f3 c5 4. dxc5 Na6 5. e4 Qa5+ 6. Qd2 b4 7. e5 Ng8 8. Be3 Nxc5 9. Na3 Rb8 10. Nc4 Qc7 11. Nh3 Bb7 12. Qxb4 d6 13. exd6 exd6 14. Qa5 Qxa5+ 15. Nxa5 Ba8 16. 0-0-0 Nf6 17. Nf4 Be7 18. Bc4 0-0 19. Rhe1 Rfe8 20. a3 Na4 21. Bxa7 Rbc8 22. Bb5 Bd8 23. Bxe8 Bxa5 24. b4 Nc3 25. Rd3 Bxb4 26. axb4 Na2+ 27. Kb2 Nxb4 28. Rc3 Rxe8 29. Rxe8+ Nxe8 30. Rc8 Bc6 31. c3 Bd7 32. Rxe8+ Bxe8 33. cxb4 Bb5 34. Kc3 1-0

[Event "CZE-chT2A 0809"]
[Site "Czech Republic"]
[Date "2008.10.12"]
[Round "1.3"]
[White "Blazek, Jiri"]
[Black "Jandecka, Tomas"]
[Result "1-0"]
[WhiteElo "2205"]
[BlackElo "2214"]
[PlyCount "125"]
[EventDate "2008.10.12"]
[EventType "team-tourn"]
[EventRounds "11"]
[EventCountry "CZE"]
[SourceTitle "EXT 2010"]
[Source "ChessBase"]
[SourceDate "2010.11.25"]
[SourceVersion "1"]
[SourceVersionDate "2010.11.25"]
[SourceQuality "1"]
[WhiteTeam "Tabor Sokol"]
[BlackTeam "Zizkov"]
[WhiteTeamCountry "CZE"]
[BlackTeamCountry "CZE"]

1. d4 Nf6 2. c4 e5 3. dxe5 Ne4 4. Nf3 Bb4+ 5. Nbd2 Nc6 6. e3 Qe7 7. a3 Nxd2 8. axb4 Nxf3+ 9. gxf3 Qxb4+ 10. Bd2 Qxb2 11. f4 b6 12. Rg1 g6 13. Rc1 Rg8 14. Bh3 a5 15. c5 Nb4 16. Bf5 bxc5 17. Rxc5 Rf8 18. Be4 c6 19. Kf1 Ba6+ 20. Kg2 Bd3 21. Bxd3 Nxd3 22. Rc2 Qb5 23. Bc3 Nb4 24. Rd2 Nd5 25. Bd4 a4 26. Qa1 a3 27. Rc1 Rg8 28. Bc5 g5 29. f5 Qb3 30. e6 Nf4+ 31. Kh1 fxe6 32. Qf6 Nd5 33. Qe5 Kf7 34. fxe6+ dxe6 35. Qe4 Rg6 36. Bd4 a2 37. Ra1 Qa4 38. Qe5 Qb5 39. Rb2 Qd3 40. Kg2 Qa6 41. Qd6 Qc4 42. Rb7+ Kg8 43. Qd7 Nf4+ 44. exf4 gxf4+ 45. Kh1 Qd5+ 46. Qxd5 exd5 47. Ra7 Rxa7 48. Bxa7 f3 49. Rxa2 Re6 50. h3 Kf7 51. Ra3 Rf6 52. Kh2 Ke6 53. Bc5 Rf4 54. Re3+ Kd7 55. Rc3 Ke6 56. Kg3 Ra4 57. Re3+ Re4 58. Kxf3 Kf5 59. Rxe4 dxe4+ 60. Ke3 Ke5 61. Bb6 Kd5 62. Bd4 c5 63. Bg7 1-0

[Event "Tatry op"]
[Site "Tatranske Zruby"]
[Date "2008.10.04"]
[Round "9"]
[White "Jandecka, Tomas"]
[Black "Hladik, Lumir"]
[Result "1-0"]
[WhiteElo "2214"]
[BlackElo "2061"]
[PlyCount "77"]
[EventDate "2008.09.27"]
[EventType "swiss"]
[EventRounds "9"]
[EventCountry "SVK"]
[SourceTitle "CBM 126 Extra"]
[Source "ChessBase"]
[SourceDate "2008.11.05"]
[SourceVersion "1"]
[SourceVersionDate "2008.11.05"]
[SourceQuality "1"]

1. e4 c6 2. d4 d5 3. exd5 cxd5 4. c4 Nf6 5. Nc3 g6 6. cxd5 Bg7 7. Qb3 0-0 8. Be2 Nbd7 9. Bf3 Nb6 10. Nge2 Bg4 11. Bxg4 Nxg4 12. Bf4 a5 13. 0-0 a4 14. Qb5 Nf6 15. d6 exd6 16. b3 Re8 17. bxa4 Nxa4 18. Nxa4 Rxa4 19. Qxa4 Rxe2 20. Rae1 Re4 21. Rxe4 Nxe4 22. Re1 d5 23. f3 b5 24. Qb4 g5 25. fxe4 gxf4 26. exd5 h5 27. Qxb5 Bxd4+ 28. Kh1 Be3 29. Rf1 h4 30. h3 Qg5 31. Qd3 Qd8 32. d6 Qd7 33. a4 Kf8 34. a5 Ke8 35. Qe4+ Kd8 36. Qd5 Qe6 37. Qc6 Qd7 38. Qa8+ Qc8 39. Qxc8+ 1-0

[Event "Tatry op"]
[Site "Tatranske Zruby"]
[Date "2008.09.29"]
[Round "3"]
[White "Jandecka, Tomas"]
[Black "Michenka, Jozef"]
[Result "0-1"]
[WhiteElo "2214"]
[BlackElo "2396"]
[PlyCount "56"]
[EventDate "2008.09.27"]
[EventType "swiss"]
[EventRounds "9"]
[EventCountry "SVK"]
[SourceTitle "CBM 126 Extra"]
[Source "ChessBase"]
[SourceDate "2008.11.05"]
[SourceVersion "1"]
[SourceVersionDate "2008.11.05"]
[SourceQuality "1"]

1. e4 c5 2. Nc3 Nc6 3. g3 g6 4. Bg2 Bg7 5. d3 d6 6. Be3 e6 7. Qd2 Qa5 8. f4 Nge7 9. Nf3 Nd4 10. Nh4 f5 11. 0-0 Nec6 12. Rfe1 0-0 13. Kh1 Bd7 14. Bg1 Nb5 15. exf5 gxf5 16. Nb1 Bxb2 17. a4 Nc3 18. Na3 Bxa1 19. Rxa1 Nxa4 20. Qd1 Nc3 21. Qh5 Qd8 22. Nc4 Nb5 23. Nb6 axb6 24. Rxa8 Qxa8 25. Qg5+ Kf7 26. Bf3 Ne7 27. Bh5+ Ng6 28. Nxg6 Bc6+ 0-1

[Event "Tatry op"]
[Site "Tatranske Zruby"]
[Date "2008.09.29"]
[Round "4"]
[White "Spik, Peter"]
[Black "Jandecka, Tomas"]
[Result "1/2-1/2"]
[WhiteElo "2065"]
[BlackElo "2214"]
[PlyCount "82"]
[EventDate "2008.09.27"]
[EventType "swiss"]
[EventRounds "9"]
[EventCountry "SVK"]
[SourceTitle "CBM 126 Extra"]
[Source "ChessBase"]
[SourceDate "2008.11.05"]
[SourceVersion "1"]
[SourceVersionDate "2008.11.05"]
[SourceQuality "1"]

1. d4 Nf6 2. c4 e5 3. dxe5 Ne4 4. Nf3 Bb4+ 5. Bd2 Nxd2 6. Nbxd2 Nc6 7. a3 Bxd2+ 8. Qxd2 Qe7 9. Qc3 0-0 10. e3 Re8 11. Bd3 Nxe5 12. Nxe5 Qxe5 13. Qxe5 Rxe5 14. Rd1 d6 15. Ke2 Bd7 16. Rhe1 Rae8 17. Kf1 Bc6 18. Bc2 Rh5 19. h3 Rh4 20. b3 a5 21. a4 g5 22. f3 Re5 23. Rd4 Rxe3 24. Rxh4 Rxe1+ 25. Kxe1 gxh4 26. Kf2 Kg7 27. Ke3 h6 28. Kf4 Bd7 29. Bf5 Be6 30. Bxe6 fxe6 31. Kg4 d5 32. Kxh4 d4 33. Kg3 e5 34. c5 Kf6 35. Kf2 Kf5 36. g3 h5 37. Ke2 Kg5 38. h4+ Kf5 39. Kd3 c6 40. Kc4 Ke6 41. g4 hxg4 1/2-1/2

[Event "Tatry op"]
[Site "Tatranske Zruby"]
[Date "2008.09.28"]
[Round "2"]
[White "Peitl, Tomas"]
[Black "Jandecka, Tomas"]
[Result "0-1"]
[WhiteElo "2045"]
[BlackElo "2214"]
[PlyCount "86"]
[EventDate "2008.09.27"]
[EventType "swiss"]
[EventRounds "9"]
[EventCountry "SVK"]
[SourceTitle "CBM 126 Extra"]
[Source "ChessBase"]
[SourceDate "2008.11.05"]
[SourceVersion "1"]
[SourceVersionDate "2008.11.05"]
[SourceQuality "1"]

1. e4 d5 2. exd5 Nf6 3. d4 Nxd5 4. Bc4 Nc6 5. c3 Bf5 6. Nf3 e6 7. 0-0 Be7 8. Re1 0-0 9. Nbd2 Qd7 10. Ne4 h6 11. Bb5 Bg4 12. Qd3 Bxf3 13. Qxf3 Rad8 14. Bf4 Nxd4 15. cxd4 Qxb5 16. Be5 Bd6 17. Nc3 Nxc3 18. bxc3 Bxe5 19. Rxe5 Rd5 20. Re4 Qc4 21. Rg4 Rb5 22. h4 Kh7 23. Qg3 Rg8 24. d5 Qxd5 25. Qxc7 Qh5 26. Rf4 Rf8 27. Re1 Kg8 28. Qe7 Qc5 29. Rxe6 Rb1+ 30. Kh2 Qxc3 31. Re3 Qc1 32. Rd4 Qc8 33. Rg3 Qe6 34. Qc7 Qe1 35. Rf3 Qh1+ 36. Kg3 Rg1 37. Qd7 Qxg2+ 38. Kf4 Re1 39. Qg4 Qf1 40. Qg3 Rfe8 41. Rc3 R1e6 42. h5 Rf6+ 43. Kg4 Rxf2 0-1

[Event "Tatry op"]
[Site "Tatranske Zruby"]
[Date "2007.09.26"]
[Round "6"]
[White "Dovzik, Juri"]
[Black "Jandecka, Tomas"]
[Result "1-0"]
[WhiteElo "2380"]
[BlackElo "2202"]
[PlyCount "61"]
[EventDate "2007.09.22"]
[EventType "swiss"]
[EventRounds "9"]
[EventCountry "SVK"]
[SourceTitle "CBM 120 Extra"]
[Source "ChessBase"]
[SourceDate "2007.11.01"]
[SourceVersion "1"]
[SourceVersionDate "2007.11.01"]
[SourceQuality "1"]

1. c4 c5 2. Nc3 Nc6 3. Nf3 g6 4. e3 Bg7 5. d4 cxd4 6. exd4 d6 7. Be2 Nf6 8. d5 Ne5 9. Nxe5 dxe5 10. 0-0 h5 11. h3 Bf5 12. Re1 0-0 13. Bf1 b6 14. Rxe5 Ne4 15. Rxe4 Bxc3 16. Re2 Bf6 17. Bf4 Qc8 18. Rc1 Rd8 19. Be5 Bg5 20. Rc3 Qb7 21. Rg3 Bh4 22. Rf3 Bg5 23. Bc3 Rac8 24. Re1 b5 25. Rxf5 gxf5 26. Qxh5 Bf6 27. Bxf6 exf6 28. Re3 f4 29. Qg4+ Kh8 30. Qxf4 Rg8 31. Qh6# 1-0